000 00457nam a22001577a 4500
003 OSt
005 20151104144456.0
008 151104b xxu||||| |||| 00| 0 eng d
040 _cRUA
082 _aFOR អ៊ីវ 1993 B119 Or.1
100 _93348
_aអ៊ីវ ឯកសាវតី
245 _aបញ្ហាខ្នាតឈើអារនំាចេញ ;
260 _aPhnom Penh
_bRUA
_c1993
300 _a68p.
_bill.
_c29cm.
942 _2ddc
_cFOR
999 _c3121
_d3121